[Event "ARG-ch U18 Girls"]
[Site "Ibague"]
[Date "2024.03.17"]
[Round "7"]
[White "Susunaga Duran, Madelen Fernanda"]
[Black "Cabrera Novoa, Roxana"]
[Result "0-1"]
[WhiteElo "1614"]
[BlackElo "1719"]
[PlyCount "72"]
[EventDate "2024.03.14"]
[EventType "swiss"]
[EventRounds "7"]
[EventCountry "COL"]
[SourceTitle "CB12_2024"]
[SourceDate "2023.10.01"]
[SourceVersion "1"]
[SourceVersionDate "2023.10.01"]
[SourceQuality "1"]

1. e4 c5 2. Nf3 d6 3. d4 cxd4 4. Nxd4 Nf6 5. Nc3 a6 6. g3 e6 7. Bg2 Be7 8. 0-0 Qc7 9. a4 Nc6 10. h3 0-0 11. Nb3 b6 12. f4 Bb7 13. g4 Nd7 14. Be3 Bf6 15. Qd2 Rfd8 16. g5 Be7 17. Qf2 Rac8 18. h4 Nc5 19. h5 Rf8 20. Bh3 Rcd8 21. g6 Bf6 22. f5 Bxc3 23. bxc3 Nxe4 24. Qh4 Ne5 25. fxe6 fxe6 26. Bxe6+ Kh8 27. Bf7 Qxc3 28. Bd4 Qg3+ 29. Qxg3 Nxg3 30. Bxb6 Rc8 31. Be6 Nxf1 32. Bxc8 Rxc8 33. Kxf1 Rxc2 34. Nd4 Rc8 35. gxh7 Kxh7 36. Nf5 Rf8 0-1

[Event "ARG-ch U18 Girls"]
[Site "Ibague"]
[Date "2024.03.14"]
[Round "1"]
[White "Cabrera Novoa, Roxana"]
[Black "Betancur Florez, Daniela"]
[Result "1/2-1/2"]
[WhiteElo "1719"]
[BlackElo "1464"]
[PlyCount "48"]
[EventDate "2024.03.14"]
[EventType "swiss"]
[EventRounds "7"]
[EventCountry "COL"]
[SourceTitle "CB12_2024"]
[SourceDate "2023.10.01"]
[SourceVersion "1"]
[SourceVersionDate "2023.10.01"]
[SourceQuality "1"]

1. d4 Nf6 2. c4 g6 3. Nf3 Bg7 4. Nc3 0-0 5. Bf4 Nh5 6. Bg5 d6 7. e3 Nf6 8. Be2 b6 9. 0-0 Bb7 10. Qc2 c5 11. a3 cxd4 12. exd4 Nbd7 13. b4 a6 14. Rad1 Rc8 15. Nd2 Qc7 16. Nde4 Nxe4 17. Nxe4 d5 18. Bxe7 dxe4 19. Bxf8 Nxf8 20. c5 Qf4 21. Bc4 e3 22. Kh1 Bxg2+ 23. Kxg2 Qg4+ 24. Kh1 Qf3+ 1/2-1/2

[Event "Medellin de La Raza U2000 op"]
[Site "Medellin"]
[Date "2023.10.15"]
[Round "7"]
[White "Cabrera Novoa, Roxana"]
[Black "Estrada Velandia, Henry Andres"]
[Result "0-1"]
[WhiteElo "1475"]
[BlackElo "1796"]
[PlyCount "98"]
[EventDate "2023.10.12"]
[EventType "swiss"]
[EventRounds "9"]
[EventCountry "COL"]
[SourceTitle "Mega2024 Update 01"]
[Source "Chessbase"]
[SourceDate "2023.11.12"]
[SourceVersion "1"]
[SourceVersionDate "2023.11.12"]
[SourceQuality "1"]

1. e4 c6 2. d4 d5 3. exd5 cxd5 4. Bd3 Nc6 5. c3 e6 6. Bf4 Bd6 7. Bxd6 Qxd6 8. Nf3 Nge7 9. Nbd2 f6 10. h3 0-0 11. Qc2 h6 12. 0-0 e5 13. dxe5 fxe5 14. Rad1 Kh8 15. Bb5 Qf6 16. Nb3 Bxh3 17. gxh3 Qxf3 18. Rd3 Qf5 19. Qd2 e4 20. Rg3 Ne5 21. Nd4 Qf6 22. Qe3 Nf5 23. Nxf5 Qxf5 24. Be2 Rf6 25. Rd1 b6 26. Rxd5 Nf3+ 27. Bxf3 Qxd5 28. Bxe4 Qd1+ 29. Kh2 Raf8 30. f3 Rd8 31. Rg2 Qd6+ 32. Kh1 Qe5 33. Qf2 Rd1+ 34. Rg1 Rxg1+ 35. Kxg1 Qe6 36. Qd4 Rf8 37. Qa4 Qxh3 38. Qxa7 Qg3+ 39. Kf1 Rd8 40. Qa4 Qh2 41. b4 Qh1+ 42. Ke2 Qg2+ 43. Ke1 Qd2+ 44. Kf1 Qc1+ 45. Kg2 Qxc3 46. Qb5 Rd2+ 47. Kg3 Qc7+ 48. Kg4 Rg2+ 49. Kf5 Rg5+ 0-1

[Event "Medellin Flores op 30th"]
[Site "Medellin"]
[Date "2023.08.03"]
[Round "1"]
[White "Munoz Triana, Joseph Steve"]
[Black "Cabrera Novoa, Roxana"]
[Result "1-0"]
[WhiteElo "1987"]
[BlackElo "1415"]
[PlyCount "39"]
[EventDate "2023.08.03"]
[EventType "swiss"]
[EventRounds "9"]
[EventCountry "COL"]
[SourceTitle "EXT 2024"]
[Source "ChessBase"]
[SourceDate "2023.10.10"]
[SourceVersion "1"]
[SourceVersionDate "2023.10.10"]
[SourceQuality "1"]

1. e4 e5 2. Nc3 Nc6 3. g3 Bc5 4. Bg2 Nf6 5. h3 d6 6. Nge2 a6 7. 0-0 Be6 8. Nd5 Nd4 9. Nxd4 exd4 10. Nxf6+ Qxf6 11. d3 0-0 12. f4 Bb6 13. g4 c6 14. g5 Qe7 15. f5 Bd7 16. f6 Qe5 17. Qh5 Be6 18. Rf4 gxf6 19. Rh4 Rfe8 20. Bf4 1-0

[Event "Sabaneta op-B 2nd"]
[Site "Sabaneta Antioquia"]
[Date "2023.07.02"]
[Round "7"]
[White "Cabrera Novoa, Roxana"]
[Black "Florez, Santiago"]
[Result "0-1"]
[WhiteElo "1160"]
[BlackElo "1762"]
[PlyCount "26"]
[EventDate "2023.06.28"]
[EventType "swiss"]
[EventRounds "9"]
[EventCountry "COL"]
[SourceTitle "EXT 2024"]
[Source "ChessBase"]
[SourceDate "2023.10.10"]
[SourceVersion "1"]
[SourceVersionDate "2023.10.10"]
[SourceQuality "1"]

1. e4 c5 2. d4 cxd4 3. Qxd4 Nc6 4. Qd1 Nf6 5. Nc3 e6 6. a3 Be7 7. Be3 0-0 8. Bc4 a6 9. h3 b5 10. Bb3 Bb7 11. f4 Na5 12. e5 Nxb3 13. cxb3 Ne4 0-1

[Event "Sabaneta op-B 2nd"]
[Site "Sabaneta Antioquia"]
[Date "2023.06.29"]
[Round "3"]
[White "Cabrera Novoa, Roxana"]
[Black "Aguilar, Jairo Alberto"]
[Result "1/2-1/2"]
[WhiteElo "1160"]
[BlackElo "1855"]
[PlyCount "30"]
[EventDate "2023.06.28"]
[EventType "swiss"]
[EventRounds "9"]
[EventCountry "COL"]
[SourceTitle "EXT 2024"]
[Source "ChessBase"]
[SourceDate "2023.10.10"]
[SourceVersion "1"]
[SourceVersionDate "2023.10.10"]
[SourceQuality "1"]

1. e4 e6 2. Nf3 d5 3. d3 d4 4. e5 c5 5. g3 Bd7 6. Bg2 Bc6 7. 0-0 Nd7 8. Re1 Ne7 9. Bf4 h6 10. c3 g5 11. Bd2 Ng6 12. h3 Qb6 13. Qb3 Bxf3 14. Qxb6 axb6 15. Bxf3 Rb8 1/2-1/2

[Event "Sabaneta op-B 2nd"]
[Site "Sabaneta Antioquia"]
[Date "2023.06.28"]
[Round "1"]
[White "Cabrera Novoa, Roxana"]
[Black "Zapata Cuartas, Juan Carlos"]
[Result "0-1"]
[WhiteElo "1160"]
[BlackElo "1976"]
[PlyCount "50"]
[EventDate "2023.06.28"]
[EventType "swiss"]
[EventRounds "9"]
[EventCountry "COL"]
[SourceTitle "EXT 2024"]
[Source "ChessBase"]
[SourceDate "2023.10.10"]
[SourceVersion "1"]
[SourceVersionDate "2023.10.10"]
[SourceQuality "1"]

1. e4 c5 2. Nf3 d6 3. d4 cxd4 4. Nxd4 Nf6 5. Nc3 a6 6. Be3 e5 7. Nf3 Be7 8. Bc4 Be6 9. Bb3 h6 10. 0-0 0-0 11. Qe2 Qc7 12. Rfd1 Nbd7 13. Nd2 b5 14. h3 Rac8 15. Rac1 Nb6 16. f4 exf4 17. Bxf4 Nc4 18. Nxc4 bxc4 19. e5 dxe5 20. Bxe5 Qa7+ 21. Bd4 Bc5 22. Bxc5 Qxc5+ 23. Kh1 cxb3 24. axb3 Qc6 25. Kh2 Rfd8 0-1

[Event "Medellin Raza Cup"]
[Site "Medellin"]
[Date "2022.10.22"]
[Round "8"]
[White "Cabrera Novoa, Roxana"]
[Black "Luna Monsalve, Sofia"]
[Result "0-1"]
[WhiteElo "1149"]
[BlackElo "1415"]
[PlyCount "56"]
[EventDate "2022.10.19"]
[EventType "swiss"]
[EventRounds "10"]
[EventCountry "COL"]
[SourceTitle "EXT 2024"]
[Source "ChessBase"]
[SourceDate "2023.10.10"]
[SourceVersion "1"]
[SourceVersionDate "2023.10.10"]
[SourceQuality "1"]

1. e4 e5 2. Nf3 Nc6 3. Nc3 Bc5 4. Nxe5 Nxe5 5. d4 Bd6 6. dxe5 Bxe5 7. Qf3 Nf6 8. Bf4 d6 9. h3 Qe7 10. Bxe5 dxe5 11. Bc4 0-0 12. 0-0 b6 13. Nd5 Nxd5 14. Bxd5 Rb8 15. Rfd1 Bb7 16. Bxb7 Rxb7 17. Rd2 Rbb8 18. Rad1 Rbd8 19. Qc3 f6 20. Rd5 Rxd5 21. Rxd5 Rd8 22. Qc6 Kf7 23. Rxd8 Qxd8 24. Qd5+ Qxd5 25. exd5 Ke7 26. c4 Kd6 27. b3 Kc5 28. a3 Kd4 0-1

[Event "Medellin Raza Cup"]
[Site "Medellin"]
[Date "2022.10.20"]
[Round "4"]
[White "Cabrera Novoa, Roxana"]
[Black "Giraldo, Emanuel"]
[Result "0-1"]
[WhiteElo "1149"]
[BlackElo "1746"]
[PlyCount "55"]
[EventDate "2022.10.19"]
[EventType "swiss"]
[EventRounds "10"]
[EventCountry "COL"]
[SourceTitle "EXT 2024"]
[Source "ChessBase"]
[SourceDate "2023.10.10"]
[SourceVersion "1"]
[SourceVersionDate "2023.10.10"]
[SourceQuality "1"]

1. e4 d6 2. d4 Nf6 3. Nc3 g6 4. Nf3 Bg7 5. h3 0-0 6. Be3 c6 7. Be2 Nbd7 8. 0-0 e5 9. Qd2 Qc7 10. Rad1 Re8 11. dxe5 dxe5 12. Bc4 Nb6 13. Bb3 Be6 14. Bxe6 Rxe6 15. Ng5 Ree8 16. Qd6 Qxd6 17. Rxd6 Nc4 18. Rdd1 Nxe3 19. fxe3 Rad8 20. Nf3 Nd7 21. Na4 b5 22. Nc3 f6 23. Rd6 b4 24. Na4 Nb6 25. Rxd8 Rxd8 26. Nxb6 axb6 27. Kf2 Kf7 28. Nd2 0-1

[Event "Medellin Raza Cup"]
[Site "Medellin"]
[Date "2022.10.20"]
[Round "3"]
[White "Mora Munoz, Alejandro"]
[Black "Cabrera Novoa, Roxana"]
[Result "1-0"]
[WhiteElo "1905"]
[BlackElo "1149"]
[PlyCount "63"]
[EventDate "2022.10.19"]
[EventType "swiss"]
[EventRounds "10"]
[EventCountry "COL"]
[SourceTitle "EXT 2024"]
[Source "ChessBase"]
[SourceDate "2023.10.10"]
[SourceVersion "1"]
[SourceVersionDate "2023.10.10"]
[SourceQuality "1"]

1. e4 e5 2. Nf3 Nf6 3. Nxe5 d6 4. Nf3 Nxe4 5. d4 d5 6. Bd3 Bg4 7. h3 Bh5 8. 0-0 Be7 9. Re1 Bg6 10. Ne5 Bf5 11. Qf3 Be6 12. Bxe4 dxe4 13. Qxe4 Bd5 14. Qg4 0-0 15. c4 Be6 16. Qe4 c6 17. Nc3 Bb4 18. Qd3 Nd7 19. Nf3 Nf6 20. Bg5 h6 21. Bh4 Re8 22. Rad1 g5 23. Bg3 Qa5 24. Re5 Qa6 25. b3 Bxc3 26. Qxc3 Qb6 27. Qe3 Nd7 28. Nxg5 Nxe5 29. Bxe5 Bf5 30. Ne4 Kh7 31. Nf6+ Kg6 32. Qg3+ 1-0

[Event "Medellin Feria de las Flores op"]
[Site "Medellin"]
[Date "2022.08.07"]
[Round "8"]
[White "Cabrera Novoa, Roxana"]
[Black "Diaz Gonzalez, Ana Sofia"]
[Result "0-1"]
[WhiteElo "1139"]
[BlackElo "1328"]
[PlyCount "26"]
[EventDate "2022.08.03"]
[EventType "swiss"]
[EventRounds "9"]
[EventCountry "COL"]
[SourceTitle "CBM 209 Extra"]
[Source "ChessBase"]
[SourceDate "2022.09.30"]
[SourceVersion "1"]
[SourceVersionDate "2022.09.30"]
[SourceQuality "1"]

1. e4 e5 2. Nf3 Nc6 3. Nc3 Nf6 4. Bb5 a6 5. Bxc6 dxc6 6. Nxe5 Nxe4 7. Nxe4 Qd4 8. 0-0 Qxe5 9. Re1 Be6 10. d4 Qf5 11. Ng5 0-0-0 12. Nxe6 fxe6 13. Re5 Qxe5 0-1

[Event "COL-ch U18 Girls"]
[Site "Medellin"]
[Date "2022.06.05"]
[Round "9"]
[White "Cabrera Novoa, Roxana"]
[Black "Ortiz Valencia, Sofia"]
[Result "1-0"]
[WhiteElo "1126"]
[BlackElo "1327"]
[PlyCount "125"]
[EventDate "2022.06.01"]
[EventType "swiss"]
[EventRounds "9"]
[EventCountry "COL"]
[SourceTitle "CBM 208 Extra"]
[Source "ChessBase"]
[SourceDate "2022.07.31"]
[SourceVersion "1"]
[SourceVersionDate "2022.07.31"]
[SourceQuality "1"]

1. e4 e5 2. Nf3 Nc6 3. Nc3 Nf6 4. Bb5 Bc5 5. 0-0 d6 6. d4 exd4 7. Nxd4 Bd7 8. Nxc6 bxc6 9. Bc4 0-0 10. Bg5 Rb8 11. Bb3 Qe7 12. Re1 Be6 13. e5 dxe5 14. Rxe5 Bd6 15. Re1 h6 16. Bh4 c5 17. Nd5 Qd8 18. Nxf6+ gxf6 19. Rb1 c4 20. Bxc4 Bxc4 21. Qg4+ Kh7 22. Qxc4 Rb4 23. Qd3+ Kg8 24. Re4 Rxe4 25. Qxe4 Re8 26. Qg4+ Kh7 27. Qf5+ Kg8 28. Bxf6 Re7 29. Qg4+ Kf8 30. Qg7+ Ke8 31. Qg8+ Kd7 32. Qxd8+ Kxd8 33. Bxe7+ Bxe7 34. Rd1+ Ke8 35. Rd5 c6 36. Ra5 Bf6 37. c3 Bd8 38. Rxa7 Bb6 39. Ra4 Kd7 40. Rh4 f6 41. Rxh6 Ke6 42. Kf1 Bc7 43. Ke2 Bf4 44. Rh4 Bg5 45. Rb4 c5 46. Rb6+ Kf5 47. Rb5 Kg6 48. Rxc5 Kh6 49. a4 Kg7 50. a5 Bf4 51. a6 Bb8 52. Rc8 Ba7 53. Rc7+ Kg6 54. Rxa7 f5 55. Rd7 Kf6 56. a7 Ke6 57. Rd4 Ke5 58. a8Q Kf6 59. Qf8+ Ke6 60. Qd6+ Kf7 61. Qc6 Ke7 62. Rd7+ Ke8 63. Qc8# 1-0

[Event "COL-ch U18 Girls"]
[Site "Medellin"]
[Date "2022.06.01"]
[Round "1"]
[White "Cabrera Novoa, Roxana"]
[Black "Tipiani Martinez, Paula Sofia"]
[Result "0-1"]
[WhiteElo "1126"]
[BlackElo "1392"]
[PlyCount "56"]
[EventDate "2022.06.01"]
[EventType "swiss"]
[EventRounds "9"]
[EventCountry "COL"]
[SourceTitle "CBM 208 Extra"]
[Source "ChessBase"]
[SourceDate "2022.07.31"]
[SourceVersion "1"]
[SourceVersionDate "2022.07.31"]
[SourceQuality "1"]

1. e4 e5 2. Nf3 Nc6 3. Nc3 Nf6 4. Bb5 a6 5. Bxc6 dxc6 6. Nxe5 Nxe4 7. Nxe4 Qd4 8. Nf6+ gxf6 9. Nf3 Qg4 10. Rg1 Be6 11. d3 0-0-0 12. h3 Qg6 13. Be3 Bb4+ 14. Bd2 Bd6 15. a3 Rhe8 16. Be3 f5 17. Qd2 f4 18. Bxf4 Bd5+ 19. Kf1 Qf5 20. Bxd6 Bxf3 21. g4 Qd5 22. Rg3 Rxd6 23. Qf4 Be2+ 24. Kg1 Qe5 25. Qc4 Qxb2 26. Re1 Rde6 27. Qc5 b6 28. Qf5 Qxc2 0-1

[Event "Medellin Easter op 10th"]
[Site "Medellin"]
[Date "2022.04.15"]
[Round "4"]
[White "Cabrera Novoa, Roxana"]
[Black "Arango, Andres Mauricio"]
[Result "0-1"]
[WhiteElo "1169"]
[BlackElo "1997"]
[PlyCount "40"]
[EventDate "2022.04.13"]
[EventType "swiss"]
[EventRounds "8"]
[EventCountry "COL"]
[SourceTitle "CBM 207 Extra"]
[Source "ChessBase"]
[SourceDate "2022.05.31"]
[SourceVersion "1"]
[SourceVersionDate "2022.05.31"]
[SourceQuality "1"]

1. e4 c5 2. Nf3 e6 3. d4 cxd4 4. Nxd4 Nf6 5. Nc3 Nc6 6. a3 Be7 7. Be3 0-0 8. Bc4 d5 9. exd5 exd5 10. Ba2 Ne5 11. Bf4 Nc4 12. Rb1 Bg4 13. Qd3 Rc8 14. 0-0 h6 15. f3 Bh5 16. Rfe1 Bg6 17. Qe2 Bc5 18. Red1 Qb6 19. Be3 Nxe3 20. Na4 Qa6 0-1

[Event "Medellin Luces op"]
[Site "Medellin"]
[Date "2021.12.17"]
[Round "1"]
[White "Cabrera Novoa, Roxana"]
[Black "Gonzalez Zapata, Julian David"]
[Result "0-1"]
[WhiteElo "1213"]
[BlackElo "1775"]
[PlyCount "71"]
[EventDate "2021.12.17"]
[EventType "swiss"]
[EventRounds "7"]
[EventCountry "COL"]
[SourceTitle "CBM 206 Extra"]
[Source "ChessBase"]
[SourceDate "2022.03.31"]
[SourceVersion "1"]
[SourceVersionDate "2022.03.31"]
[SourceQuality "1"]

1. e4 c6 2. d4 d5 3. exd5 cxd5 4. Bd3 Nc6 5. c3 Nf6 6. Nf3 Bg4 7. Bf4 e6 8. 0-0 a6 9. a4 Bd6 10. Bxd6 Qxd6 11. h3 Bh5 12. Re1 0-0 13. Nbd2 Rac8 14. Qc2 Nb4 15. Qb1 Nxd3 16. Qxd3 Bg6 17. Qe3 Qb6 18. Ra2 Be4 19. Ne5 Rc7 20. Nxe4 Nxe4 21. f3 Ng3 22. Qf2 Nf5 23. f4 Qd6 24. Qf3 Re8 25. Raa1 Qd8 26. Re2 Nd6 27. Kh2 f6 28. Nd3 Qd7 29. a5 Qf7 30. Rae1 Rce7 31. Qg4 Qg6 32. Qxg6 hxg6 33. Nc5 Kf7 34. Kg3 Nc4 35. Ra1 Rc8 36. Rae1 0-1

[Event "Medellin Luces op"]
[Site "Medellin"]
[Date "2020.12.15"]
[Round "7"]
[White "Cabrera Novoa, Roxana"]
[Black "Gomez Rondon, Samuel"]
[Result "0-1"]
[WhiteElo "1183"]
[BlackElo "1710"]
[PlyCount "74"]
[EventDate "2020.12.12"]
[EventType "swiss"]
[EventRounds "7"]
[EventCountry "COL"]
[SourceTitle "CBM 199 Extra"]
[Source "ChessBase"]
[SourceDate "2021.01.31"]
[SourceVersion "1"]
[SourceVersionDate "2021.01.31"]
[SourceQuality "1"]

1. e4 c5 2. Nf3 Nc6 3. d4 cxd4 4. Nxd4 g6 5. c4 Bg7 6. Be3 d6 7. Nc3 Nf6 8. Be2 0-0 9. 0-0 Bd7 10. f4 Qb6 11. Nc2 Qa5 12. Rb1 a6 13. c5 Rfd8 14. cxd6 exd6 15. Na3 b5 16. Qxd6 Be8 17. Qc5 Bf8 18. Qb6 Qxb6 19. Bxb6 Rdb8 20. e5 Nd7 21. Bc7 Rc8 22. Nd5 Nd4 23. Bg4 Ne6 24. Rbc1 Bc5+ 25. Kh1 Nxc7 26. Nf6+ Nxf6 27. Bxc8 Bxa3 28. bxa3 Rxc8 29. exf6 Bd7 30. Rfd1 Ne6 31. Rxc8+ Bxc8 32. Kg1 h5 33. g3 Kf8 34. Kf2 Ke8 35. Ke3 Nc7 36. Kd4 Be6 37. Rd2 Na8 0-1

[Event "Medellin Luces op"]
[Site "Medellin"]
[Date "2020.12.13"]
[Round "4"]
[White "Cabrera Novoa, Roxana"]
[Black "Narvaez Berrio, Alexander"]
[Result "1/2-1/2"]
[WhiteElo "1183"]
[BlackElo "1399"]
[PlyCount "45"]
[EventDate "2020.12.12"]
[EventType "swiss"]
[EventRounds "7"]
[EventCountry "COL"]
[SourceTitle "CBM 199 Extra"]
[Source "ChessBase"]
[SourceDate "2021.01.31"]
[SourceVersion "1"]
[SourceVersionDate "2021.01.31"]
[SourceQuality "1"]

1. e4 e6 2. d4 d5 3. exd5 exd5 4. Bd3 Bd6 5. Be3 Nf6 6. c3 0-0 7. Nd2 Nbd7 8. Ngf3 Ng4 9. 0-0 Nxe3 10. fxe3 Nf6 11. e4 dxe4 12. Nxe4 Nxe4 13. Bxe4 c6 14. Qd2 f5 15. Bd3 b5 16. Qc2 c5 17. Ne5 Qg5 18. Bxb5 Bxe5 19. dxe5 Qe3+ 20. Qf2 Qxe5 21. Bc4+ Kh8 22. Rfe1 Qc7 23. Rad1 1/2-1/2

[Event "Antioquia op"]
[Site "Antioquia"]
[Date "2020.03.04"]
[Round "3"]
[White "Molina Ballesteros, Juan Sebastian"]
[Black "Cabrera Novoa, Roxana"]
[Result "1-0"]
[WhiteElo "1478"]
[BlackElo "1049"]
[PlyCount "37"]
[EventDate "2020.03.03"]
[EventType "swiss"]
[EventRounds "9"]
[EventCountry "COL"]
[SourceTitle "CBM 195 Extra"]
[Source "ChessBase"]
[SourceDate "2020.05.31"]
[SourceVersion "1"]
[SourceVersionDate "2020.05.31"]
[SourceQuality "1"]

1. e4 e5 2. Nf3 Nf6 3. Nxe5 d6 4. Nf3 Nxe4 5. d4 d5 6. Bd3 Be7 7. 0-0 0-0 8. h3 Nd7 9. c4 Ndf6 10. cxd5 Qxd5 11. Nc3 Nxc3 12. bxc3 c5 13. Re1 Be6 14. c4 Qd8 15. d5 Bd7 16. Bf4 Bc8 17. d6 Re8 18. dxe7 Rxe7 19. Bxh7+ 1-0

[Event "Pan American-ch School U13 Girls"]
[Site "Medellin"]
[Date "2019.11.12"]
[Round "1"]
[White "Borbor Velez, Leysla Amada"]
[Black "Cabrera Novoa, Roxana"]
[Result "1-0"]
[WhiteElo "1434"]
[BlackElo "1046"]
[PlyCount "66"]
[EventDate "2019.11.12"]
[EventType "swiss"]
[EventRounds "9"]
[EventCountry "COL"]
[SourceTitle "CBM 193 Extra"]
[Source "ChessBase"]
[SourceDate "2020.01.31"]
[SourceVersion "1"]
[SourceVersionDate "2020.01.31"]
[SourceQuality "1"]

1. d4 d5 2. c4 e6 3. Nc3 Nf6 4. Bg5 Be7 5. e3 Nbd7 6. Nf3 0-0 7. Qb3 c6 8. Bd3 b6 9. cxd5 cxd5 10. 0-0 Bb7 11. Rac1 Ne4 12. Bxe7 Qxe7 13. Nb5 Ba6 14. Rc7 Bxb5 15. Qxb5 Nef6 16. Ne5 Rfd8 17. Qa6 Qd6 18. Rxa7 Rxa7 19. Qxa7 Nxe5 20. dxe5 Qxe5 21. Qxb6 Rb8 22. Qa6 Qxb2 23. h3 Qe5 24. Rc1 g6 25. Qa7 Rf8 26. a4 Qb2 27. Rc7 Qa3 28. Bc2 Ne8 29. Rc8 Nd6 30. Rxf8+ Kxf8 31. Kh2 Nc4 32. e4 Qc3 33. Bd1 Qa5 1-0